Gaming Quiz

Random Gaming or Pokémon Quiz

Pokemon Russian Roulette Quiz Stats

 Plays Quiz not verified by Sporcle

Score 0/20 Timer 05:00
3 Plays Today
Question Answer % Correct
Generation 3 Legendary Pokemon???
86%
Eevee Evolutions???
73.4%
Kanto Gym Badges???
68.2%
Generation 2 Baby Pokemon???
65.6%
Ash's Main Human Traveling Companions (all Generations)???
57.3%
Pure Ghost Type Pokemon???
48.4%
Generation 1 Fossil Pokemon???
41.5%
Generation 5 Pure Ice Type Pokemon???
38.9%
Rotom's Forms???
37.3%
Generation 1 Legendary Birds???
28.8%
Question Answer % Correct
Gym Leader Giovanni's Pokemon (Yellow)???
28.4%
'Tao Trio' Pokemon'???
21.7%
Generation 2 Steel Type Pokemon???
16.6%
Generation 1 Dragon Type Pokemon???
11.8%
Generation 4 Dark Pokemon???
11.4%
Ash's Pokemon In Rotation (as of August 29)???
9.7%
Starter Pokemon Types???
9.1%
'Legendary Musketeers' Pokemon???
7.8%
Pokemon #100-105???
6.7%
Route 1 Pokemon (Red and Blue)???
5.2%

You're not logged in!

Compare scores with friends on all Sporcle quizzes.
OR
Log In

Show Comments

Extras

Top Quizzes Today


Score Distribution

Your Account Isn't Verified!

In order to create a playlist on Sporcle, you need to verify the email address you used during registration. Go to your Sporcle Settings to finish the process.

Report this User

Report this user for behavior that violates our Community Guidelines.

Details: